Germany's Drive to the West (Drang Nach Westen) (Record no. 25568)
[ view plain ]
| 000 -LEADER | |
|---|---|
| fixed length control field | 01189cam a22003494a 4500 |
| 001 - CONTROL NUMBER | |
| control field | muse78153 |
| 003 - CONTROL NUMBER IDENTIFIER | |
| control field | MdBmJHUP |
| 005 - DATE AND TIME OF LATEST TRANSACTION | |
| control field | 20210127151357.0 |
| 006 - FIXED-LENGTH DATA ELEMENTS--ADDITIONAL MATERIAL CHARACTERISTICS | |
| fixed length control field | m o d |
| 007 - PHYSICAL DESCRIPTION FIXED FIELD--GENERAL INFORMATION | |
| fixed length control field | cr||||||||nn|n |
| 008 - FIXED-LENGTH DATA ELEMENTS--GENERAL INFORMATION | |
| fixed length control field | 830506s1950 ilu o 00 0 eng d |
| 010 ## - LIBRARY OF CONGRESS CONTROL NUMBER | |
| Canceled/invalid LC control number | a 50007516 |
| 020 ## - INTERNATIONAL STANDARD BOOK NUMBER | |
| International Standard Book Number | 9781421431956 |
| 020 ## - INTERNATIONAL STANDARD BOOK NUMBER | |
| Canceled/invalid ISBN | 9781421431949 |
| 035 ## - SYSTEM CONTROL NUMBER | |
| System control number | (OCoLC)1117486304 |
| 040 ## - CATALOGING SOURCE | |
| Original cataloging agency | MdBmJHUP |
| Transcribing agency | MdBmJHUP |
| 050 04 - LIBRARY OF CONGRESS CALL NUMBER | |
| Classification number | S531 |
| Item number | .A8 |
| 100 1# - MAIN ENTRY--PERSONAL NAME | |
| Personal name | Atherton, James Christian, |
| Dates associated with a name | 1915- [from old catalog] |
| 245 02 - TITLE STATEMENT | |
| Title | Germany's Drive to the West (Drang Nach Westen) |
| Remainder of title | A Study of Germany's Western War Aims during the First World War |
| 300 ## - PHYSICAL DESCRIPTION | |
| Extent | 1 online resource (10 p.) |
| 506 0# - RESTRICTIONS ON ACCESS NOTE | |
| Terms governing access | Open Access |
| Standardized terminology for access restriction | Unrestricted online access |
| Source of term | star |
| 588 ## - SOURCE OF DESCRIPTION NOTE | |
| Source of description note | Description based on print version record. |
| 650 #0 - SUBJECT ADDED ENTRY--TOPICAL TERM | |
| Topical term or geographic name entry element | Agricultural education. |
| 650 #0 - SUBJECT ADDED ENTRY--TOPICAL TERM | |
| Topical term or geographic name entry element | Student teaching. |
| 655 #7 - INDEX TERM--GENRE/FORM | |
| Genre/form data or focus term | Electronic books. |
| Source of term | local |
| 710 2# - ADDED ENTRY--CORPORATE NAME | |
| Corporate name or jurisdiction name as entry element | Project Muse. |
| Relator term | distributor |
| 830 #0 - SERIES ADDED ENTRY--UNIFORM TITLE | |
| Uniform title | Book collections on Project MUSE. |
| 856 40 - ELECTRONIC LOCATION AND ACCESS | |
| Public note | Full text available: |
| Uniform Resource Identifier | <a href="https://muse.jhu.edu/book/67839/">https://muse.jhu.edu/book/67839/</a> |
| Withdrawn status | Lost status | Source of classification or shelving scheme | Damaged status | Not for loan | Home library | Current library | Shelving location | Date acquired | Total Checkouts | Full call number | Date last seen | Uniform Resource Identifier | Price effective from | Koha item type |
|---|---|---|---|---|---|---|---|---|---|---|---|---|---|---|
| Digital Library | Digital Library | Online Access | 27.01.2021 | S531 .A8 | 27.01.2021 | https://muse.jhu.edu/book/67839/ | 27.01.2021 | eBook |